| 000 | 00761nam a22002297a 4500 | ||
|---|---|---|---|
| 005 | 2010080709569.0 | ||
| 010 | _aENG-98784 | ||
| 020 |
_a9788190869362 _c175.00 |
||
| 035 | _aEN-82316 | ||
| 037 | _bDBAD/PUB | ||
| 082 | _a363.34 | ||
| 100 |
_aGopikala, K. _99159 |
||
| 245 |
_aNatural disasters / _cby K. Gopikala |
||
| 260 |
_aChennai _bVelicham _c2009 |
||
| 270 |
_a137,2nd floor,Jani Jan Khan Road,Royapettah _bChennai _e6000014 |
||
| 300 | v |
_avi,225p. _c23cm (pbk) |
|
| 500 | _aIncliudes bibliographical references | ||
| 700 | _98297 | ||
| 700 | _98298 | ||
| 942 |
_2ddc _cEN _h363.34 _mGOP |
||
| 999 |
_c40003 _d40003 |
||